|
|
|
|
| LEADER |
00000nam a2200000 a 4500 |
| 001 |
vtls001090002 |
| 003 |
SK-MaSNL |
| 005 |
20260301105154.0 |
| 008 |
250414s1986 xo 0 hun |
| 015 |
|
|
|a SNBA1986/12
|
| 035 |
|
|
|a SNK000032843
|
| 040 |
|
|
|a SNK
|b slo
|c SNK
|e AACR2
|
| 041 |
0 |
|
|a hun
|
| 044 |
|
|
|a xo
|c SK
|
| 080 |
|
|
|a 372.47(076.5)=945.11
|2 1981
|
| 245 |
0 |
0 |
|a Matematika az alapiskola 3. osztálya számára
|b Munkafüzet 2 ; Ľudovít Bálint, Marie Janků, Jiří Kabele, Milan Koman, Katarína Dvorská, Bohumil Maxa
|
| 250 |
|
|
|a 1., kiad.
|
| 260 |
|
|
|a Bratislava
|b Slovenské pedagogické nakladateľstvo
|c 1986
|e Praha
|f Svoboda
|
| 300 |
|
|
|a 80 s., 9,77 AH
|c 29 cm
|
| 366 |
|
|
|e 22850 výtl.
|
| 500 |
|
|
|a Schválilo MŠ SSR!
|
| 700 |
1 |
|
|a Bálint, Ľudovít,
|d 1937-2021
|4 aut
|9 215985
|
| 700 |
1 |
|
|a Janků, Marie
|4 aut
|9 44570
|
| 700 |
1 |
|
|a Kabele, Jiří,
|d 1906-1983
|4 aut
|9 106737
|
| 700 |
1 |
|
|a Koman, Milan,
|d 1932-2012
|4 aut
|9 208318
|
| 700 |
1 |
|
|a Dvorská, Katarína
|4 trl
|9 277760
|
| 700 |
1 |
|
|a Maxa, Bohumil
|4 bkd
|9 45637
|
| 852 |
|
|
|a Slovenská národná knižnica
|
| 958 |
|
|
|a CZ
|
| 958 |
|
|
|a UC
|
| 958 |
|
|
|a TL
|
| 958 |
|
|
|a OP
|
| 958 |
|
|
|a HU
|
| 958 |
|
|
|a OND
|
| 999 |
|
|
|c 700142
|d 702072
|
| 952 |
|
|
|a SNK
|b SNK
|y PREZ
|7 0
|p 17A0812058
|o snkSB 40908/2
|0 0
|1 0
|4 0
|d 2012-05-09
|f 1
|l 0
|r 2025-04-28 00:00:00
|w 2026-02-23
|
| 952 |
|
|
|t P60, <04>, [BOOK], {604}
|a SNK
|b SNK
|y VYP
|7 0
|p 17A0202128
|o snkSB 40908/2 D1
|0 0
|1 0
|4 0
|d 1999-07-30
|l 0
|r 2004-12-31 00:00:00
|w 2026-02-23
|